00551 2200217 4500001002100000005001500021035002000036007000300056008004100059020001500100082001100115084001700126100002300143245005700166250001000223260003700233300003200270650001100302990001000313990001000323INLIS00000000000588920200709011141 a0010-0720000057ta200709 g 0 ind  a9795262521 a613.96 a613.96 NUG p0 aNUGRAHA,Boyke Dian1 aProblema Seks & Cinta Remaja 2 /cBoyke Dian Nugraha acet.4 aJakarta :bPT Bumi Aksara,c2004 ax,127 hlm :b.ilus ;c21 cm 4aREMAJA a294 b a294 c